000
00233nam a22000857a 4500
008
170113b xxu||||| |||| 00| 0 eng d
100
_9
2396
_a
Sahoo.R.etal.
245
_a
Together with Computer Science-XII
260
_a
New Delhi
_b
Rachna
_c
2010
999
_c
5407
_d
5407